Geometría para la informática gráfica y CAD
Saved in:
| Hovedforfatter: | |
|---|---|
| Format: | Bog |
| Sprog: | spansk |
| Udgivet: |
Ciudad de México
Alfaomega
2005
|
| Fag: | |
| Tags: |
Tilføj Tag
Ingen Tags, Vær først til at tagge denne postø!
|
MARC
| LEADER | 00000nam a2200000 a 4500 | ||
|---|---|---|---|
| 001 | UCJ1402 | ||
| 003 | CL-VaPUC | ||
| 008 | 061020e20050000MX |||||||||||||||||spa|d | ||
| 020 | |a 9701509781 | ||
| 082 | 0 | 4 | |a 516.00285 |b TRI |2 21 |
| 100 | 0 | |a Trias, Joan |e author |9 502009 | |
| 245 | 1 | 0 | |a Geometría para la informática gráfica y CAD |
| 300 | |a 370 p | ||
| 942 | |c BK | ||
| 945 | |d 20061020 00:00:00 |a cmena | ||
| 260 | |a Ciudad de México |b Alfaomega |c 2005 | ||
| 650 | 0 | |a Geometría |9 264063 | |
| 650 | 0 | |a Aplicación de computadores |9 485595 | |
| 650 | 0 | |a Ingeniería de software |9 263866 | |
| 650 | 0 | |a Programación de computadores |9 259531 | |
| 650 | 0 | |a Diseño gráfico |9 266874 | |
| 650 | 7 | |a CAD |2 CL-VaPUC |9 502010 | |
| 583 | |a last modification |c 20061020 00:00:00 |k Rodrigo Vera | ||
| 999 | |c 317989 |d 317987 | ||
| 952 | |0 0 |1 0 |2 ddc |4 0 |6 516_002850000000000_TRI_2005 |7 0 |8 A |9 395143 |a BIBING |b BIBING |c GEN |d 2019-11-22 |i 4288955 |o 516.00285 TRI 2005 |p 4288955 |r 2025-01-20 |w 2019-11-22 |y BK |k CCI | ||